Základy mezilidské komunikace

Guardado en:
Detalles Bibliográficos
Autor principal: DeVito, Joseph A.
Otros Autores: Bartůšek, Milan (Traductor), Rezek, Jíří (Traductor)
Formato: Libro
Lenguaje:checo
inglés
Publicado: Praha Grada Publishing 2001
Edición:1. vyd.
Materias:
Acceso en línea:Ver en el OPAC
Etiquetas: Agregar Etiqueta
Sin Etiquetas, Sea el primero en etiquetar este registro!

MARC

LEADER 00000nam a2200000 a 4500
005 20260127134319.0
008 160624e1uuu xo 0 c
020 |a 8071699888 
035 |a vtls001558625 
035 |a VTK39953 
039 9 |a 201606241350  |b VLOAD  |c 201306071805  |d VLOAD  |c 201009221259  |d mlmaosk07  |c 201007280918  |d msnk88  |y 200504182312  |z VLOAD 
040 |a VTHK  |b slo  |c VTHK  |d STUSCHK1 
041 0 |a cze 
041 0 |a eng 
044 |a xo  |c SK 
080 |a 301.16 
080 |a 159.923 
100 1 |a DeVito, Joseph A. 
245 1 0 |a Základy mezilidské komunikace 
250 |a 1. vyd. 
260 |a Praha  |b Grada Publishing  |c 2001 
300 |a 420 s. viaz. 
650 0 7 |a psychológia osobnosti 
653 0 |a komunikácie medziľudské 
700 1 |a Bartůšek, Milan  |4 trl 
700 1 |a Rezek, Jíří  |4 trl 
910 |a vthkonkat 
910 |a SCHK95 
910 |a spk 
910 |a totk 
910 |a lmaosk 
919 |a 80-7169-988-8 
999 |c 9576  |d 9576 
942 0 0 |0 1